[Event "Vienna op"]
[Site "Vienna"]
[Date "1990.??.??"]
[Round "9"]
[White "Psakhis, Lev"]
[Black "Gschnitzer, Oswald"]
[Result "1/2-1/2"]
[WhiteElo "2575"]
[BlackElo "2440"]
[Annotator "Ribli,Z"]
[PlyCount "78"]
[EventDate "1990.10.??"]
[EventType "swiss"]
[EventRounds "9"]
[EventCountry "AUT"]
[SourceTitle "CBM 021"]
[Source "ChessBase"]
[SourceDate "1991.04.01"]
[SourceVersion "1"]
[SourceVersionDate "1991.04.01"]
[SourceQuality "1"]

1. c4 c5 2. g3 Nc6 3. Bg2 g6 4. Nc3 Bg7 5. Nf3 e5 6. O-O Nge7 7. d3 d6 8. a3
O-O 9. Rb1 a5 10. Bg5 (10. Bd2 h6 11. Qa4 Bd7 12. Rfc1 Nd4 13. Qd1 a4 14. Nxd4
exd4 15. Nd5 {Csom,I-Schmittdiel,E Budapest Noviki-A CBM/19}) 10... f6 $1 (
10... h6 11. Bxe7 Nxe7 12. Ne1 Rb8 13. Nc2 Be6 14. b4 $14 {Peelen,P-Polgar,Zso
Wijk-B 1990 CBM/17}) 11. Bd2 Be6 12. Qa4 Rc8 13. Rfc1 b6 14. Qb3 Rb8 15. Ne1
Nd4 16. Qd1 d5 17. b3 (17. cxd5 Nxd5 18. b4 cxb4 19. Nxd5 Bxd5 20. axb4 $13)
17... Qd7 18. Nc2 Nxc2 19. Qxc2 f5 20. cxd5 Nxd5 21. Nxd5 Bxd5 22. Bxd5+ Qxd5
23. b4 axb4 24. axb4 cxb4 25. Rxb4 Rf7 26. Be3 b5 27. Qc6 Rd7 28. Rc5 Qxc6 29.
Rxc6 Rbb7 30. Rb3 Bf8 31. Bc5 Rd5 32. Bxf8 Kxf8 33. e4 fxe4 34. dxe4 Rd4 35.
Rc5 Rxe4 36. Rbxb5 Re7 37. Kf1 Kf7 38. f3 Re3 39. Kf2 Ra3 1/2-1/2

[Event "Buenos Aires Najdorf"]
[Site "Buenos Aires"]
[Date "1991.??.??"]
[Round "3"]
[White "Larsen, Bent"]
[Black "Boissonet, Carlos P"]
[Result "0-1"]
[WhiteElo "2560"]
[BlackElo "2400"]
[Annotator "Ribli,Z"]
[PlyCount "102"]
[EventDate "1991.04.??"]
[EventType "tourn"]
[EventRounds "13"]
[EventCountry "ARG"]
[EventCategory "11"]
[SourceTitle "CBM 024"]
[Source "ChessBase"]
[SourceDate "1991.10.01"]
[SourceVersion "1"]
[SourceVersionDate "1991.10.01"]
[SourceQuality "1"]

1. Nf3 c5 2. c4 Nc6 3. Nc3 g6 4. g3 Bg7 5. Bg2 e6 6. O-O Nge7 7. d3 O-O 8. Bf4
d5 9. cxd5 (9. Rb1 b6 10. a3 Bb7 11. Qa4 $2 d4 12. Nb5 g5 $1 13. Nxg5 e5 $17 {
King,D-Olafsson,H Hastings 1990 CBM/22}) 9... Nxd5 10. Nxd5 exd5 11. Qd2 (11.
Qc1 b6 12. Bh6 Bb7 13. Bxg7 Kxg7 14. e3 Qe7 15. Re1 Rfe8 $10 {Forintos-Liptay
Hungary ch 1965}) 11... Re8 12. Rac1 b6 13. Bh6 Qf6 14. Bxg7 Kxg7 15. Rfe1 a5
16. h4 h6 17. e4 dxe4 18. Rxe4 Bf5 19. Rf4 Qd6 20. h5 Rad8 21. hxg6 fxg6 22.
Qc3+ Qf6 $1 23. Qxf6+ Kxf6 24. g4 Nb4 $1 25. gxf5 Nxd3 26. Rfc4 Nxc1 27. Rxc1
Kxf5 $17 28. Bf1 g5 29. a4 g4 30. Ne1 Rd2 31. Bb5 Re7 32. b3 Kg5 33. Ng2 Rf7
34. Rf1 Rf3 35. Ne3 g3 $1 36. Nc4 Rdxf2 37. Rxf2 Rxf2 38. Nxb6 Rb2 39. Nc4 Rxb3
40. Nxa5 Rb2 41. Nb7 Rc2 42. Nd6 Kf4 43. a5 h5 44. a6 h4 45. Bd7 Ra2 46. Bc8
Ke5 47. Nb5 Ra1+ 48. Kg2 Ra2+ 49. Kg1 c4 50. Kf1 Kf4 51. a7 g2+ 0-1

[Event "Hastings 9091"]
[Site "Hastings"]
[Date "1990.12.??"]
[Round "8"]
[White "King, Daniel J"]
[Black "Larsen, Bent"]
[Result "1-0"]
[WhiteElo "2560"]
[BlackElo "2545"]
[Annotator "Ribli,Z"]
[PlyCount "145"]
[EventDate "1990.12.??"]
[EventType "tourn"]
[EventRounds "14"]
[EventCountry "ENG"]
[EventCategory "13"]
[SourceTitle "CBM 022"]
[Source "ChessBase"]
[SourceDate "1991.06.01"]
[SourceVersion "1"]
[SourceVersionDate "1991.06.01"]
[SourceQuality "1"]

1. c4 c5 2. g3 g6 3. Bg2 Bg7 4. Nc3 d6 5. Nf3 Nc6 6. O-O Qd7 (6... Be6 7. b3
Qc8 8. Re1 Nf6 9. Bb2 O-O 10. e3 $14 {Mednis,E-Averbakh,Y New York WFW 1990
CBM/20}) 7. d3 b6 8. Bd2 Bb7 9. Rb1 Nh6 10. a3 O-O 11. b4 Nf5 12. e3 e6 13. Qe2
Rad8 14. Rfd1 Ba8 15. Nb5 $5 Rfe8 16. Bc3 Bxc3 (16... e5 $5) 17. Nxc3 d5 18.
cxd5 exd5 19. Qb2 cxb4 (19... d4 20. Ne4 Qe7 21. bxc5 bxc5 22. Rbc1) 20. axb4
Qe6 21. Ne2 Rd6 22. Bh3 $1 Qf6 23. Qxf6 Rxf6 24. Bxf5 $1 Rxf5 25. Ned4 Rf6 26.
Rdc1 $14 a6 27. Rc3 Bb7 28. b5 axb5 29. Rxb5 Na5 30. Kg2 Kf8 31. Ng5 Kg7 32.
Nh3 Rd6 33. Nf4 Ba6 34. Rb2 Kf6 35. g4 h6 36. Kg3 Kg7 37. Rc7 Nb7 38. Rc6 Rxc6
39. Nxc6 Nc5 40. d4 Ne4+ 41. Kg2 b5 42. Nb4 Bb7 43. Rc2 Re7 44. f3 Nf6 45. Kf2
g5 46. Nfd3 Ne8 47. Nc5 Nf6 48. Nb3 h5 49. h3 hxg4 50. hxg4 Ne8 51. Nc5 Nf6 52.
Ra2 Bc8 53. Ke2 Re8 54. Ra7 Rh8 55. Rc7 Kg6 56. Nc6 Rh2+ 57. Kd3 Be6 58. Ne5+
Kh6 59. Rc6 Kg7 60. Nxe6+ fxe6 61. Rxe6 Ra2 62. Re7+ Kg8 63. Nd7 Ra3+ 64. Kd2
Nh7 65. Re5 Ra2+ 66. Kc3 Rf2 67. Rxd5 Rxf3 68. Kd3 Rg3 69. Rxb5 Rxg4 70. Rb6
Rg2 71. Rg6+ Kh8 72. Ne5 Rf2 73. Ng4 1-0

[Event "Hastings 9091"]
[Site "Hastings"]
[Date "1990.12.??"]
[Round "6"]
[White "King, Daniel J"]
[Black "Sax, Gyula"]
[Result "1/2-1/2"]
[WhiteElo "2560"]
[BlackElo "2600"]
[Annotator "Ribli,Z"]
[PlyCount "124"]
[EventDate "1990.12.??"]
[EventType "tourn"]
[EventRounds "14"]
[EventCountry "ENG"]
[EventCategory "13"]
[SourceTitle "CBM 022"]
[Source "ChessBase"]
[SourceDate "1991.06.01"]
[SourceVersion "1"]
[SourceVersionDate "1991.06.01"]
[SourceQuality "1"]

1. c4 c5 2. Nc3 g6 3. g3 Bg7 4. Bg2 Nc6 5. Nf3 e5 6. O-O Nge7 7. a3 a5 8. d3
O-O 9. Ne1 Rb8 (9... d6 10. Nc2 Be6 11. Rb1 d5 $1 $10 {Partos,C-Ioseliani,N
Biel-Tbilisi 1990 CBM/19}) 10. Bg5 d6 11. Nc2 Be6 12. Bxe7 Nxe7 13. b4 f5 14.
Rb1 e4 15. Nb5 cxb4 16. axb4 Nc6 17. dxe4 Bxc4 18. exf5 $1 Bxb5 19. Qd5+ Kh8
20. Qxb5 Rxf5 21. Qd3 Nxb4 22. Nxb4 axb4 23. Rxb4 b5 24. Be4 Rc5 25. Rd1 Bc3
26. Rb3 Qc7 27. Qxd6 Qxd6 28. Rxd6 $16 b4 29. Rd7 Ra5 30. Bd5 Ra1+ 31. Kg2 Re1
32. Bc4 Rc8 33. Bd3 Ra8 34. Rc7 Ra5 35. Rb1 Rxb1 36. Bxb1 Ra1 37. Bd3 Bd2 38.
Rb7 Rc1 39. h4 Rc5 40. g4 Kg8 41. Bb1 (41. Kf3 $5) 41... Re5 42. Ba2+ Kh8 43.
e3 h5 44. Bb1 hxg4 45. Bxg6 Be1 46. h5 Rg5 47. Kg3 Kg8 48. e4 (48. Kf4 $1 {
/\ h6}) 48... Bc3 49. f4 gxf3+ 50. Kxf3 Kh8 51. Ke3 Kg8 52. Kd3 Kh8 53. Kc4 Kg8
54. Kd3 Kh8 55. Be8 Rg7 56. Bf7 Kh7 57. Bg6+ Kh6 58. Rb5 Re7 59. Ke3 Re5 60.
Rb7 Kg5 61. Bf7 Kf6 62. Bg6 Kg5 1/2-1/2

[Event "Hastings 9091"]
[Site "Hastings"]
[Date "1990.12.??"]
[Round "14"]
[White "King, Daniel J"]
[Black "Olafsson, Helgi"]
[Result "0-1"]
[WhiteElo "2560"]
[BlackElo "2595"]
[Annotator "Ribli,Z"]
[PlyCount "62"]
[EventDate "1990.12.??"]
[EventType "tourn"]
[EventRounds "14"]
[EventCountry "ENG"]
[EventCategory "13"]
[SourceTitle "CBM 022"]
[Source "ChessBase"]
[SourceDate "1991.06.01"]
[SourceVersion "1"]
[SourceVersionDate "1991.06.01"]
[SourceQuality "1"]

1. c4 c5 2. g3 g6 3. Bg2 Bg7 4. Nc3 Nc6 5. Nf3 e6 6. O-O Nge7 7. d3 O-O 8. Bf4
d5 $1 9. Rb1 b6 10. a3 Bb7 11. Qa4 $6 (11. b4 $5) (11. cxd5 exd5 12. b4) 11...
d4 12. Nb5 $2 g5 $1 13. Nxg5 e5 14. Ne4 (14. Bd2 a6 $19) 14... exf4 15. Nbd6
Bc8 $19 16. b4 f5 17. Nxc8 Rxc8 18. Ng5 Qd6 19. bxc5 bxc5 20. Rb5 fxg3 21. hxg3
Bh6 22. Nf3 Kh8 23. Qa6 Rg8 24. Kh1 f4 25. g4 Qe6 26. Nh2 f3 27. Bxf3 Bf4 28.
Rg1 Qh6 29. Rg2 Bd6 30. Kg1 Ne5 31. Qb7 Rcf8 0-1

[Event "Linares Anibal op 04th"]
[Site "Linares"]
[Date "1997.??.??"]
[Round "5"]
[White "Ibragimov, Ildar"]
[Black "Filippov, Valerij"]
[Result "0-1"]
[WhiteElo "2555"]
[BlackElo "2510"]
[Annotator "Ribli,Z"]
[PlyCount "50"]
[EventDate "1997.02.??"]
[EventType "swiss"]
[EventRounds "10"]
[EventCountry "ESP"]
[SourceTitle "CBM 058"]
[Source "ChessBase"]
[SourceDate "1997.06.01"]
[SourceVersion "1"]
[SourceVersionDate "1997.06.01"]
[SourceQuality "1"]

1. c4 c5 2. Nf3 Nc6 3. Nc3 e5 4. g3 {Ich glaube, daß 4.e3 mehr Chancen auf
Eröffnungsvorteil bietet.Ribli.} g6 5. Bg2 Bg7 6. O-O Nge7 {Ich möchte
bemerken, daß wir eine fast symmetrische Stellung vorliegen haben, aber es
gibt zwei wichtige Unterschiede: 1.der Punkt d5 ist immer eine positionelle
Schwäche. 2. Der schwarze Königsspringer steht flexibler als der weiße Kollege
auf f3. Ribli.} 7. d3 O-O (7... d6 8. Ne1 Be6 9. Nc2 d5 {ist auch möglich. Die
Partiefortsetzung ist natürlich nicht schlecht, aber Weiss kontrolliert in
diesem Fall das wichtige Feld d5.Ribli.}) 8. Ne1 (8. a3 $5) 8... d6 9. Nc2 Be6
10. Ne3 Qd7 11. a3 Bh3 12. Rb1 a5 (12... Bxg2 {Prinzipiell ist dieser
Läufertausch vorteilhaft für Weiß, weil er jetzt volle Kontrolle über das Feld
d5 erhält. Trotzdem, der Läufer g2 war eine zu starke Figur auf der großen
Diagonale. Ribli.} 13. Kxg2 b6 14. b4 Rad8 15. b5 Nd4 16. Ned5 Nxd5 17. cxd5 h5
$13 {Simic-Knezevic/JUG-ch/1991/}) 13. Qa4 {Ich schlage 13.Bd2 vor, womit Weiß
seine Entwicklung abschließt. Ribli.} Rab8 14. Ned5 $6 {Nach meiner Meinung
handelt Weiß zu optimistisch.Ribli.} (14. Bd2 $5) 14... Nxd5 15. cxd5 (15. Nxd5
Nd4 {[%cal Rd4e2,Rd7a4]} 16. Qxd7 $2 (16. Qd1 Bxg2 17. Kxg2 b5 $11) 16... Nxe2+
17. Kh1 Bxd7 $17) 15... Nd4 16. Bxh3 (16. Qxd7 Bxd7 17. e3 (17. b4 cxb4 18.
axb4 a4 $36 {[%csl Rb3][%cal Ya4a1]}) (17. b3 b5 $15) 17... Nb3 $15) (16. Qd1)
16... Qxh3 17. Qd1 {[%cal Ye2e3] Die weiße Hauptidee ist 18.e3 zu spielen,
wonach der schwarze Springer hat keine dauerhaften Felder erhält. Ribli.} f5 $1
{Mit diesem starken Zug übernimmt Schwarz die Führung.Ribli.} 18. f3 (18. e3 f4
19. exd4 f3 $19) 18... b5 $1 $15 {[%cal Yb5b4,Yf5f4] Schwarz spielt auf dem
ganzen Brett! Ribli.} (18... f4 $6 {Mit dem Partiezug 18...b5 hat Schwarz die
folgende Idee: Zuerst b5-b4 spielen, der Springer c3 muß weg. Und in dem
Moment, wo der N nicht mehr nach e4 gehen kann, ist der richtige Zeitpunkt für
f5-f4 gekommen.Ribli.} 19. Ne4) 19. e3 (19. b4 cxb4 20. axb4 a4 $17 {[%csl Rb3]
}) 19... b4 20. exd4 $6 (20. axb4 $5 cxb4 (20... axb4 21. Ne2) 21. Ne2 $15)
20... bxc3 {[%csl Rb1,Rb2][%cal Rb8b2]} 21. dxc5 f4 $1 {[%csl Rg3] [#] Jede
schwarze Figur is am Angriff beteiligt! Ribli.} 22. g4 e4 $1 $19 {[%cal Rg7d4,
Rc3c2] [#]} 23. dxe4 (23. fxe4 Bd4+ 24. Kh1 f3 $19) 23... c2 $1 24. Qxc2 {
Weiß hat drei Bauern mehr, aber seine Königsstellung ist so schwach, daß er
verloren ist. Ribli.} Bd4+ 25. Rf2 Qxf3 {[%csl Rf2,Rg4] Und Weiß gab in dieser
hoffnungslosen Stellung auf.Ribli.} 0-1

[Event "Lazne Bohdanec"]
[Site "Lazne Bohdanec"]
[Date "1997.??.??"]
[Round "6"]
[White "Stocek, Jiri"]
[Black "Mirumian, Vigen"]
[Result "1-0"]
[WhiteElo "2450"]
[BlackElo "2425"]
[Annotator "Ribli,Z"]
[PlyCount "99"]
[EventDate "1997.01.??"]
[EventType "tourn"]
[EventRounds "11"]
[EventCountry "CZE"]
[EventCategory "9"]
[SourceTitle "CBM 057"]
[Source "ChessBase"]
[SourceDate "1997.04.01"]
[SourceVersion "1"]
[SourceVersionDate "1997.04.01"]
[SourceQuality "1"]

1. Nf3 c5 2. c4 g6 3. g3 Bg7 4. Bg2 Nc6 5. O-O {Schwarz hat in dieser Stellung
natürlich viele Möglichkeiten. Er kann 5...e6 nebst 6...Ne7 spielen, er kann 5.
..e5 und 6...Ne7 ziehen oder einfach 5...Nf6. Der Textzug ist ambitioniert und
interessant, aber meiner Meinung nach ein wenig verdächtig. Ribli.} (5. Nc3 Nh6
6. d4 cxd4 7. Nxd4 Nxd4 8. Bxh6) 5... Nh6 6. Nc3 (6. d4 $2 cxd4 7. Nxd4 Nxd4 (
7... Bxd4 8. Bxh6 Bxb2) 8. Bxh6 Nxe2+ 9. Qxe2 Bxh6) 6... O-O (6... d6 7. a3 Nf5
8. Rb1 Bd7 9. d3 Rb8 10. Bd2 a6 $11 {Zueger-Kindermann,S/Bern zt/}) 7. a3 Nf5 {
Das ist die schwarze Grundidee: sein aktiver Springer kontrolliert das
wichtige Zentrumsfeld d4. Ribli.} 8. b4 $5 {Weiß spielt wie im Wolga-Gambit,
er opfert einen Bauern für Aktivität und Überlegenheit im Zentrum. Ich glaube,
von der Bewertung dieses Zuges hängt der Wert der gesamten 5...Nh6-Variante ab.
Ribli.} cxb4 9. axb4 Nxb4 10. d4 $44 {Weiß hat noch keine greifbare
Kompensation für den Bauern, aber sein Druck im Zentrum ist spürbar. Ribli.}
Nc6 (10... d5 11. cxd5 (11. Ba3 Nc6 12. Nxd5 Be6 (12... Nfxd4 13. Nxd4 Bxd4 14.
Nxe7+ (14. Bxe7 Bxf2+ 15. Rxf2 Nxe7 16. Rb1) 14... Nxe7 15. Bxe7 Bxf2+ 16. Rxf2
Qxe7) 13. e4 Bxd5 $2 (13... Nfxd4 14. Nxd4 Bxd4 15. Rb1 (15. Nxe7+ Nxe7 16.
Bxe7 Bxf2+ 17. Rxf2 Qxe7 $17) (15. Bxe7 Bxf2+ 16. Rxf2 Nxe7 $17)) 14. cxd5)
11... Nxd5 12. Nxd5 Qxd5 13. Bb2 $44) 11. Nb5 (11. e3) 11... Qb6 (11... d6 12.
e4 $44) 12. Rb1 a6 13. Na3 Qc7 (13... Qa5 $5) 14. Nc2 d6 15. e4 Nh6 16. Ne3 Ng4
$6 (16... e6 $5 17. Ba3 Rd8 (17... b5 18. e5 b4 19. Bxb4 Nxb4 20. Rxb4 $14))
17. Nd5 Qd8 18. Re1 e6 $6 {Schwarz ist zu materialistisch. Für nur einen
Bauern nimmt er die Rolle eines passiven Verteidigers auf sich. Nach meiner
Meinung wäre es höchste Zeit gewesen, den Bauern zurückzugeben. Ribli.} (18...
b5 19. cxb5 axb5 20. Rxb5 Bd7 $11) 19. Nb6 Rb8 20. Ba3 Qc7 (20... Re8) 21. e5 {
Mit diesem Zug gewinnt Weiß die Qualität und bekommt die besseren Aussichten.
Es ist interessant, daß nun Schwarz derjenige ist, der in materiellem Nachteil
ist und probiert etwas Kompensation zu erhalten. Ribli.} dxe5 22. Bxf8 Bxf8 23.
h3 $1 (23. dxe5 Ncxe5 24. Nxe5 Nxe5 {Und mit späterem Bc5 hat Schwarz eine
feste Stellung. Ribli.}) 23... Nf6 24. d5 $1 (24. dxe5 Nd7 25. Nxd7 Bxd7) 24...
exd5 25. cxd5 Na7 26. Nxc8 (26. Nxe5 Bf5 27. Rb3 (27. Rb2 Ba3 28. Ra2 (28. Rb3
Bc2) 28... Nb5 $44) 27... Bc2) 26... Nxc8 27. Nxe5 Nd6 {Weiß hat keinen
besonders großen Materialvorteil, und weil der schwarze Springer eine ideale
Position hat, ist es nicht so leicht für den Anziehenden, seinen Vorteil zur
Geltung zu bringen. Ribli.} 28. Qf3 Bg7 29. Rec1 Qd8 30. Qb3 Nfe4 31. Nc6 Qf6 (
31... bxc6 32. Qxb8 $18) 32. Qf3 {Weiß hat jetzt erreicht, daß er die Damen
tauschen kann. Ribli.} Qxf3 33. Bxf3 Re8 34. Bxe4 (34. Na5 $2 Nd2) 34... Rxe4
35. Na5 Re7 36. Nc4 Nb5 (36... Nxc4 37. Rxc4 Rd7) 37. Re1 Rd7 38. Re8+ Bf8 39.
Nb6 Rd6 (39... Rc7 $2 40. Rxb5 axb5 41. d6 $18) 40. Nc8 Rd7 (40... Rxd5 $3 41.
Ne7+ $18) 41. Rd1 Nc7 (41... Nd6 42. Nxd6 Rxd6 43. Rc1 Kg7 44. Rcc8 $18) 42.
Nb6 Rd6 43. Rc8 Rxb6 (43... Nb5 44. Re1 Rxb6 45. Ree8 Kg7 46. Rxf8 Nd6) 44.
Rxc7 Bd6 (44... Kg7 $5) 45. Rcc1 $1 $16 {Jetzt kann Schwarz den Turmtausch
nicht mehr verhindern. Das bringt Weiß dem Gewinn näher. Ribli.} a5 46. Rb1
Rxb1 (46... Bb4 $2 47. Rxb4 axb4 48. d6 $18) 47. Rxb1 Bb4 48. Rc1 b6 $6 (48...
Kf8) 49. Rc6 Bc5 50. d6 $18 {Und Schwarz muß einen "ganzen" Läufer für den Pd6
geben. Ribli.} 1-0

[Event "EU-Cup 18th"]
[Site "Kallithea"]
[Date "2002.09.27"]
[Round "6.4"]
[White "Popov, Valerij"]
[Black "Maksimenko, Andrei"]
[Result "1-0"]
[WhiteElo "2579"]
[BlackElo "2523"]
[Annotator "Ribli,Z"]
[PlyCount "77"]
[EventDate "2002.09.22"]
[EventType "team-swiss"]
[EventRounds "7"]
[EventCountry "GRE"]
[SourceTitle "CBM 092"]
[Source "ChessBase"]
[SourceDate "2003.02.06"]
[SourceVersion "1"]
[SourceVersionDate "2003.02.06"]
[SourceQuality "1"]
[WhiteTeam "St Petersburg"]
[BlackTeam "Karpaty"]
[WhiteTeamCountry "RUS"]
[BlackTeamCountry "UKR"]

1. c4 c5 2. Nf3 Nc6 3. Nc3 e5 {Dieser Zug, der zu assymetrischem Spiel führt,
ist sehr populär in der letzten Zeit. Das Feld d5 ist geschwächt, aber Schwarz
kann seinen Königsspringer nach e7 stellen und in einigen Varianten mit f7-f5
am Königsfluegel aktiv spielen.} 4. g3 g6 5. Bg2 Bg7 6. d3 Nge7 7. Nd2 {
[%csl Yd5][%cal Gd2f1,Gf1e3,Ge3d5] Ein typisches Springermanoever - Weiss
nutzt aus, dass die Rochade noch nicht gespielt ist, um den Springer durch
f1-e3 schnellstmöglich nach d5 zu überführen.} d6 8. Nf1 Be6 (8... Rb8 9. Ne3
a6 10. Ned5 Nxd5 (10... O-O 11. a4 Nxd5 12. Nxd5 Bd7 {1/2-1/2 Cvitan,
O-Tregubov,P/Ohrid MKD 2001/(12)}) 11. Nxd5 O-O 12. h4 h5 13. Bg5 f6 14. Bd2 b5
15. b3 Ne7 16. O-O Nxd5 17. Bxd5+ Kh7 18. a4 b4 {0-1 Hansen,T-Bator,R/Gausdal
1996/CBM 54 ext (59)}) 9. Ne3 Qd7 (9... O-O 10. Ned5 Qd7 11. O-O Bh3 12. Rb1
Rab8 13. Qa4 Nxd5 14. cxd5 Nd4 15. Qxd7 Bxd7 16. e3 Nb5 17. Ne4 Bf5 18. Bd2 Nc7
19. b4 b6 20. Rb3 Rbd8 {0-1 Rotstein,A-Sermek,D/Cannes 1997/CBM 57 ext (38)})
10. h4 {Das ist die neueste Spielweise mit Weiss - Schwarz muss in einigen
Varianten mit h4-h5 rechnen.} (10. Ned5 O-O 11. Qa4 (11. O-O Rab8 12. Bg5 f6
13. Bd2 h6 14. a3 Kh7 15. b4 Bh3 16. Qa4 Nxd5 17. cxd5 Nd4 18. Qxd7 Bxd7 19.
Rfb1 cxb4 20. axb4 Rfc8 {0-1 Hansen,T-Djurhuus,R/NOR 2000/EXT 2002 (49)}) 11...
Rab8 12. O-O a6 13. Rb1 b5 14. Nxe7+ Qxe7 15. Qd1 Qd7 16. Nd5 Bh3 17. b3 Bxg2
18. Kxg2 f5 19. f4 e4 20. Bb2 Rbe8 {0-1 Drummond,M-Ostenstad,B/Jakarta 1997/
CBM 58 ext (58)}) 10... h5 {Dieser Zug kommt automatisch, aber 10...h6 kommt
auch in Betracht und im Falle von h4-h5 Schwarz kann g6-g5 spielen.} (10... h6
$5) 11. Ned5 {[%csl Gd5] Der weisse Springer steht sehr aktiv auf d5.} O-O 12.
Rb1 $14 {[%cal Gb2b4] Weiss bereitet den Zug b2-b4 vor und Schwarz hat nicht
die Moeglichkeit zu 12...a5 wegen 13.Nb6. Ich muss bemerken, dass mit den
Zuegen 10.h4 h5 Schwarz kaum oder gar nicht f7-f5 ziehen kann wegen Bg5.} Rab8
(12... f5 13. Bg5 $14) 13. Qa4 {[%cal Ga4d7]} a6 14. Bg5 {[%mdl 4] Droht 15.
Nxe7+ mit Figurengewinn, so dass Schwarz seinen Koenigsfluegel schwächen muss.}
f6 15. Bd2 Kh7 16. Nxe7 Nxe7 (16... Qxe7 17. Bxc6 bxc6 18. Qxc6 $16 {Weiss hat
einen Bauern mehr und ob die weisse Punkten sind schwach in seiner Stellung,
die Schwarze Kompensation scheint mir wenig.}) 17. Qxd7 Bxd7 18. b4 cxb4 (18...
b6 19. b5 a5 $14 {Die schwarze Stellung ist wirklich sehr passiv, aber in
geschlossener Stellung ist es nicht leicht fuer Weiss seinen Positionsvorteil
zu erhoehen.}) 19. Rxb4 b5 (19... Bc6 20. O-O $14 {[%cal Gf1b1,Gb1b8]}) 20.
cxb5 Bxb5 (20... axb5 21. O-O $14 {[%csl Rb5]}) 21. Nxb5 axb5 22. O-O {[%cal
Rf1b1,Rb1b5] Interessant, dass Weiss rochiert nur in 22.Zug.} Rfc8 23. Rfb1 {
[%csl Rb5][%mdl 32] Weiss hat ein starkes Läuferpaar und der b5P stellt eine
eine ewige Schwäche in der schwarzen Stellung dar.} Nc6 (23... Rc2 24. R1b2
Rxb2 25. Rxb2 $16) 24. R4b2 $1 $16 {Weiss hat viel Zeit, er muss nicht sofort
den b5-Bauern gewinnen, aber das waere auch gut.} (24. Rxb5 $6 Rxb5 25. Rxb5
Nd4 $132) (24. Bxc6 Rxc6 25. a4 $16 (25. Rxb5 Rxb5 26. Rxb5 Rc2 $132)) 24... f5
25. Bxc6 Rxc6 26. a4 {Auf diese Weise gewinnt Weiss einen Bauern und sein
Freibauer am Damenfluegel wird sehr stark.} e4 27. Rxb5 Ra8 28. Rb7 (28. a5 $16
) 28... Rc2 (28... Rxa4 29. Rd7 Ra8 30. Rbb7 Rg8 31. Be3 $18 {[%cal Re3d4,
Rd4g7]}) 29. Be3 Rxe2 30. dxe4 (30. Bd4 Rg8 31. dxe4 Rxe4 32. Rxg7+ Rxg7 33.
Bxg7 Kxg7 34. Ra1 $14) 30... Kg8 (30... fxe4 31. Bd4 Rg8 32. Re7 Rd2 33. Bc3
Rc2 34. Bf6 $18) 31. Rb8+ Rxb8 32. Rxb8+ Kh7 33. a5 $18 {[%csl Ga5] Der
a-Bauer entscheidet die Partie.} Ra2 34. Ra8 (34. Rb7 Kg8 35. exf5 gxf5 36. Rb5
$18) 34... fxe4 35. a6 d5 36. Bb6 (36. a7 $2 d4 $132) 36... d4 37. a7 d3 38.
Rd8 Bf6 39. a8=Q 1-0